Filozofia CSR ako prostriedok spolupráce firiem s orgánmi štátnej a verejnej správy

Charakteristika zodpovedného podnikania. Princípy zodpovedného podnikania. Spolupráca súkromného a verejného sektora v zmysle princípov zodpovednosti podnikania. Vzťah medzi privátnym a štátnym, verejným sektorom.

Na minha lista:
Detalhes bibliográficos
Autor principal: Džupina, Milan
Outros Autores: Cifranič, Michal
Formato: Capítulo de Livro
Idioma:eslovaco
Assuntos:
Tags: Adicionar Tag
Sem tags, seja o primeiro a adicionar uma tag!

MARC

LEADER 00000nla a2200000 4500
001 0178437
005 20220719101107.7
041 0 |a slo 
044 |a SK 
245 1 0 |a Filozofia CSR ako prostriedok spolupráce firiem s orgánmi štátnej a verejnej správy  |c Milan Džupina, Michal Cifranič 
520 |a Charakteristika zodpovedného podnikania. Princípy zodpovedného podnikania. Spolupráca súkromného a verejného sektora v zmysle princípov zodpovednosti podnikania. Vzťah medzi privátnym a štátnym, verejným sektorom. 
610 2 0 |a podnikanie zodpovedné 
610 2 0 |a zodpovednosť spoločenská 
610 2 0 |a sektor verejný 
610 2 0 |a sektor súkromný 
610 2 0 |a správa verejná 
610 2 0 |a správa štátna 
100 1 |a Džupina, Milan 
700 1 |a Cifranič, Michal